Vývoj a tvarovanie kvality života v 21. storočí

Definícia kvality života. Parametre pôsobiace na kvalitu života. Spotreba ako reálna súčasť a dôležitá zložka kvality života. Vzťah medzi spotrebou a kvalitou života. Dopady globálnej hospodárskej krízy na ukazovatele kvality života a ich ďalšie formovanie v 21. storočí.

Guardado en:
Detalles Bibliográficos
Autor principal: Gurníková, Jana, 1985-
Formato: Capítulo de libro
Lenguaje:eslovaco
Materias:
Etiquetas: Agregar Etiqueta
Sin Etiquetas, Sea el primero en etiquetar este registro!

MARC

LEADER 00000nla$a2200000$$$4500
001 0134956
005 20240502072521.1
041 0 |a slo 
044 |a SK 
245 1 0 |a Vývoj a tvarovanie kvality života v 21. storočí  |c Jana Gurníková 
520 |a Definícia kvality života. Parametre pôsobiace na kvalitu života. Spotreba ako reálna súčasť a dôležitá zložka kvality života. Vzťah medzi spotrebou a kvalitou života. Dopady globálnej hospodárskej krízy na ukazovatele kvality života a ich ďalšie formovanie v 21. storočí. 
610 2 0 |a kvalita života 
610 2 0 |a spotreba domácností 
610 2 0 |a práca 
610 2 0 |a čas voľný 
610 2 0 |a čas pracovný 
610 2 0 |a úroveň životná 
610 2 0 |a globalizácia 
610 2 0 |a kríza hospodárska 
100 1 |a Gurníková, Jana, 1985-